| 000 | 00769nmc a2200265 a 4500 | ||
|---|---|---|---|
| 003 | AR-BaBNM | ||
| 005 | 20251128211800.0 | ||
| 008 | 116020s2004 ||||||||||||||000 | spa|| | ||
| 020 | _a84-9700-179-6 | ||
| 040 | _cAR-BaBNM | ||
| 100 | 1 | _aAbril Villalba, Manuel | |
| 245 | 1 | 0 |
_aEnseñar lengua y literatura _bcomprensión y producción de textos |
| 260 |
_aMálaga _bAljibe _c2004 |
||
| 300 | 0 | _a170 p. | |
| 490 | 0 | _aTemas de lengua y literatura | |
| 504 | _aContiene referencias bibliográficas | ||
| 650 | 4 | _aENSENANZA DE LA LECTURA | |
| 650 | 4 | _aLENGUAJE HABLADO | |
| 653 | 0 | _aENSENANZA DE LA LENGUA | |
| 653 | 0 | _aENSENANZA DE LA LITERATURA | |
| 653 | 0 | _aCOMPRENSION LECTORA | |
| 653 | 0 | _aPRODUCCION DE TEXTOS | |
| 942 | _cBK | ||
| 998 | _cme-solo cat | ||
| 999 |
_c21085 _d21085 |
||